000 00252nam a2200097Ia 4500
001 793173
005 20250826170644.0
008 250824s9999 xx 000 0 und d
245 0 _aKIRIK HANÇER
_cAHMET YILMAZ BOYUNAĞA
260 _bGENÇ TİMAŞ YAYINLARI
999 _c793173
_d793173